| 000 | 00569 a2200193 4500 | ||
|---|---|---|---|
| 999 |
_c9722 _d9722 |
||
| 022 | _INo ISSN | ||
| 050 | _aKTL19.A35SOU1979 | ||
| 100 |
_aBarnett, LLB _eeditor |
||
| 245 |
_aSouth African law reports: _b19789(3) -September / _cM Barnett , et al.... |
||
| 264 |
_aCape Town: _bJuta & Company, _c1979 |
||
| 300 | _a1370p. : | ||
| 500 | _aIncludes index | ||
| 650 | _aLaw reports -- South Africa | ||
| 651 | _aSouth Africa | ||
| 700 |
_aBarnett M _eeditor |
||
| 700 |
_aBuchanan J L _eeditor |
||
| 700 |
_aFisher D S _eeditor |
||
| 942 |
_2lcc _cSERIALS _h19.A35 _iSOU _kKTL |
||